Controlling nákladov na stavebné procesy

Guardado en:
Detalles Bibliográficos
Autor principal: Mesároš, František
Otros Autores: Mesároš, Peter, Hyben, Ivan, Čarnický, Štefan
Formato: Libro
Lenguaje:eslovaco
Publicado: Košice VÚSI 2009
Materias:
Etiquetas: Agregar Etiqueta
Sin Etiquetas, Sea el primero en etiquetar este registro!

MARC

LEADER 00000nam$a2200000$$$4500
001 0105157
005 20240502072145.9
020 |a 978-80-89383-02-3 
041 0 |a slo 
044 |a SK 
245 1 0 |a Controlling nákladov na stavebné procesy  |c František Mesároš, Peter Mesároš 
264 1 |a Košice  |b VÚSI  |c 2009 
300 |a 220 s. 
610 2 0 |a náklady 
610 2 0 |a kontroling 
610 2 0 |a stavebníctvo 
100 1 |a Mesároš, František 
700 1 |a Mesároš, Peter 
700 1 |a Hyben, Ivan 
700 1 |a Čarnický, Štefan